Premier League Teams 2008-09 - Statistics

General Stats
  • This quiz has been taken 121 times
  • The average score is 17 of 20
Answer Stats
Position Team % Correct
2 Liverpool
100%
C Manchester United
100%
4 Arsenal
99%
10 Manchester City
99%
3 Chelsea
98%
8 Tottenham Hotspur
96%
5 Everton
95%
R Newcastle United
90%
9 West Ham United
88%
16 Sunderland
87%
6 Aston Villa
85%
7 Fulham
84%
15 Blackburn Rovers
82%
17 Hull City
77%
14 Portsmouth
76%
R West Bromwich Albion
76%
12 Stoke City
75%
13 Bolton Wanderers
70%
R Middlesbrough
68%
11 Wigan Athletic
68%
No matching quizzes found
Score Distribution
Percent of People with Each Score
Percentile by Number Answered
Your Score History
You have not taken this quiz